Kluby piłkarskie Katalonii i Aragonii - nagła śmierć - Statystyki

Ogólne statystyki
  • Ten quiz został rozwiązany 26 razy
    3 od ostatniego zresetowania
  • Średni wynik to 4 z 10
Answers on the Grid
Answers color-coded by a green-red scale on the quiz's grid according to % correct below.
SD Ponferradina
SD Tarazona
Real Avilés
Atlético Sanluqueño CF
RCD Espanyol
Barakaldo CF
Real Saragossa
Girona FC
SD Eibar
Gimnàstic Tarragona
FC Barcelona
CE Europa
CD Mirandés
CD Teruel
CE Sabadell FC
SD Huesca
 
Statystyki odpowiedzi
Odpowiedź % Poprawnych
FC Barcelona
100%
Girona FC
100%
RCD Espanyol
67%
CE Europa
33%
CE Sabadell FC
33%
Gimnàstic Tarragona
33%
Real Saragossa
33%
CD Teruel
0%
SD Huesca
0%
SD Tarazona
0%
Nie znaleziono quizów pasujących do podanych kryteriów
Rozkład punktacji
Procent ludzi z każdym wynikiem
Percentyl według liczby udzielonych odpowiedzi
Twoja historia wyników
Nie rozwiązałeś tego quizu od ostatniego zresetowania